| 000 | 00458nam a2200193Ia 4500 | ||
|---|---|---|---|
| 005 | 20240823011406.0 | ||
| 008 | 240823s9999||||xx |||||||||||||| ||und|| | ||
| 041 | _aENGLISH | ||
| 082 | _A511.8 P1 | ||
| 100 | _a"Brassard,Gilles" | ||
| 245 | 0 | _aFundamentals of Algorithmics | |
| 250 | _a1st | ||
| 260 |
_c2001 _b"PHI,New Delhi" |
||
| 500 | _aTRANSFERED | ||
| 650 |
_aMATHS _bMathematics |
||
| 700 | _a" Bratley,Paul" | ||
| 942 | _cBK | ||
| 999 |
_c161405 _d161405 |
||